000 00668nas a2200229 4500
001 BR9701523
003 BR-BrBNA
005 20231205100039.0
007 ta
008 230509b bl.|||p| |||| 00| 00por d
040 _aBR-BrBNA
_bpor
_cBiblioteca Nacional de Agricultura
041 _a(Pt)
072 _aL01
100 1 _aMartins, J.P.
245 1 _aRainhas de abelhas europeias, a base da apicultura racional
650 _aApicultura
650 _aAbelha Rainha
650 _aAbelha Europeia
773 0 _tRevista Brasileira de Apicultura (Brazil)
_x
_g1996, v. 6(13) p. 14-19
_wBR9701523
909 _a202311
_bLúcia
_c55
_dLúcia Elande
942 _2AGRIS
_n0
_cANA
999 _c154107
_d154107